[Event "Dyfed Open"]
[Site "Fishguard"]
[Date "2020.02.15"]
[Round "3.4"]
[White "Heap, Gerry"]
[Black "Hewitt, William"]
[Result "1/2-1/2"]
[WhiteElo "2111"]
[BlackElo "1990"]
[Annotator "kemen"]
[PlyCount "90"]
[EventDate "2020.02.??"]
[EventType "swiss"]
[EventRounds "5"]
[EventCountry "WLS"]
[SourceVersionDate "2020.02.18"]

1. g3 Nf6 2. c4 g6 3. Bg2 Bg7 4. Nc3 O-O 5. e4 d6 6. Nge2 c5 7. O-O Nc6 8. d4 (
8. d3 {main}) 8... cxd4 9. Nxd4 Nxd4 {47% for Wh} (9... Nxe4 {Stockfish11=21%
for Wh} 10. Nxc6 Nxc3 11. Nxd8 Nxd1 12. Nxb7 Bxb7 13. Bxb7 Rab8 14. Rxd1 Rxb7
15. Rb1 Rc8 16. b3 Rxc4 {2-4}) 10. Qxd4 Bd7 (10... Be6 {main}) (10... Nd7) 11.
Qd3 Bc6 12. Bd2 (12. Bf4 $16 {Stockfish11- not yet played}) 12... a5 (12... Nd7
{2-0}) 13. b3 $14 Nd7 14. Rad1 (14. Rac1 $14 {2-0}) (14. Qe2 $14 {Stockfish11-
not yet played}) 14... Nc5 (14... a4 15. Nd5 axb3 16. axb3 Nc5 $11 {Stockfish11
}) 15. Qe2 b6 (15... Re8 16. h4 h5 17. Rfe1 $14 {Stockfish11}) 16. Nd5 (16. f4
Rc8 17. g4 Re8 18. Rf3 (18. Be1) 18... e6 19. Rh3 f5 $11 {Stockfish11}) 16...
e6 17. Nf4 Qc7 $11 (17... Qb8 $11) 18. Nd3 Rad8 19. Bg5 Rd7 20. Bf4 f6 (20...
Rfd8 $11 {Stockfish11}) (20... e5 21. Nxc5 dxc5 22. Rxd7 Bxd7 $11 {Stockfish11}
) 21. h4 (21. Nxc5 bxc5 22. h4 a4 $11 {Stockfish11}) 21... e5 22. Bc1 (22. Nxc5
dxc5 23. Rxd7 Bxd7 24. Be3 Bc6 25. Rd1 Rd8 $14 {Stockfish11}) 22... Ne6 23. Bb2
(23. f4 Nd4 $11) 23... Qb7 (23... b5 $11) 24. Bh3 (24. f4 b5 25. f5 gxf5 26.
exf5 Nc7 27. Bxc6 Qxc6 28. Nf2 bxc4 29. bxc4 Rc8 30. Ne4 Na6 $11 {Stockfish11})
24... f5 25. f3 Re7 26. exf5 gxf5 $15 27. Rde1 (27. Qf2) 27... e4 {dissipates
Bl's advantage} (27... b5 $17 {Stockfish11}) 28. fxe4 Nd4 29. Bxd4 Bxd4+ 30.
Kh2 Bxe4 31. Bxf5 $6 (31. Qd2 $16 {Bl has 2 Bs, but split pawns} b5 32. Nf2
Bxf2 33. Rxf2 bxc4 34. bxc4 Qc7 35. Bg2 Bxg2 36. Rxe7 Qxe7 37. Kxg2 Qe4+ 38.
Kh2 Qxc4 39. Qxd6 $14 {Stockfish11}) 31... Bxf5 32. Qxe7 Qxe7 33. Rxe7 Bxd3 34.
Rd1 Rf2+ 35. Kh3 {now the Bs & R can create multiple mating nets, forcing the
win of a Wh R for one of the Bs} (35. Kh1 Rf3 (35... Rf1+ 36. Rxf1 Bxf1 $17)
36. Kg2 Rf2+ 37. Kh1 $11) 35... Bf6 $19 (35... Bf1+ 36. Kg4 Be5 37. Re1 Be2+
38. Kh3 (38. Kg5 Bf6+) 38... h5 {threatening mate, forces Wh to give up one of
his Rs}) 36. Re3 (36. Re8+ Kf7 37. Rxd3 Kxe8 $19 {best try-Stockfish11}) 36...
Bf1+ 37. Kg4 Be2+ (37... Be5 $1 38. Rde1 Kg7 39. h5 (39. Kh5 Rf5+ 40. Kg4 Kg6
41. h5+ Kf6 42. Rd1 Bg2 43. Rd2 Bc6 44. Red3 Be4 45. Re3 (45. Rxd6+) 45... Rg5+
46. Kh4 Bf5 47. Rf3 Rg4+ 48. Kh3 Rxg3+ 49. Kh2 Rxf3+ $19) 39... a4 40. Kg5 (40.
bxa4 Bxc4 41. Kh4 Be6 42. g4 Rh2+ 43. Rh3 Rg2 {mating} 44. Re4 (44. Rg3 Rxg3
45. Rxe5 Rxg4+ 46. Kh3 dxe5 47. a5 bxa5 48. a3 Kh6 49. a4 e4 {Qs & mates-
Stockfish11}) 44... Bf6+ 45. g5 Bxg5#) 40... h6+ 41. Kg4 a3 {Zugzwang}) 38.
Rxe2 Rxe2 39. Rxd6 Be7 40. Rxb6 Rxa2 41. Kf5 Kf7 42. Rb5 a4 43. bxa4 Rxa4 44.
c5 Rc4 45. g4 (45. Ra5 {holds, as if} Rxc5+ 46. Rxc5 Bxc5 47. Kg4 {the Wh K
retreats to h1& Bl's B is the wrong colour}) 45... Rxc5+ (45... Bxh4 $1 {
gives Bl winning chances though, if now the c pawn can be taken by by the B
retaining Rs.} 46. g5 (46. Rb7+ Be7 47. Rc7 Rd4 48. c6 Rc4 49. Rc8 Rc5+ 50. Kf4
Bf6 51. Rc7+ Kg6 52. Ke4 Bc3 53. Kd3 Be5 54. Rc8 Kg5 55. c7 (55. Rg8+ Kf4 56.
g5 Rxc6 {Bl mates in 26, Lomonosov tablebases}) 55... Bg7 56. Re8 (56. Ke4 Kxg4
{Bl mates in 25, Lomonosov}) 56... Rxc7 {Bl mates in 28, Lomonosov tablebases})
46... Bg3 47. Rb7+ Kg8 48. Kf6 Rxc5 {and Bl mates in 44 moves,Lomonosov table
bases; longest starting with Rg7ch}) 1/2-1/2

[Event "Dyfed Open"]
[Site "Fishguard"]
[Date "2020.02.15"]
[Round "3.5"]
[White "May, Frank"]
[Black "Powell, Lloyd"]
[Result "1/2-1/2"]
[WhiteElo "2019"]
[BlackElo "2064"]
[Annotator "kemen"]
[PlyCount "52"]
[EventDate "2020.02.??"]
[EventType "swiss"]
[EventRounds "5"]
[EventCountry "WLS"]
[SourceVersionDate "2020.02.18"]

1. d4 Nf6 2. c4 e6 3. Nc3 d5 4. cxd5 exd5 5. Bg5 Be7 6. e3 c6 7. Bd3 Nbd7 8.
Nge2 (8. Qc2) 8... h6 9. Bh4 O-O 10. O-O Re8 11. Qc2 Nf8 (11... Ne4 12. Bxe7 {
main, 64% for Wh}) 12. f3 {72% for Wh} Ne6 13. Rad1 b6 14. Bf2 (14. Kh1) 14...
Bb7 15. h3 {5 Wh wins, 1 draw, 2 Bl wins} (15. Bf5 {5 Wh wins, 1 draw}) (15.
Kh1 {13 Wh wins, 4 draws, 3 Bl wins}) 15... Rc8 (15... c5 $16 {Stockfish11; 2
Wh wins, 2 draws, 2 Bl wins}) 16. e4 {3-0} a6 (16... Nh5) (16... c5 {played})
17. e5 Nd7 18. f4 c5 19. Qd2 (19. Bf5) 19... Qc7 20. Bb1 $18 Red8 21. Qd3 Ndf8
22. Kh1 (22. Rc1 Bc6 23. f5 Nxd4 24. f6 $18 {Stockfish11}) (22. f5 Ng5 23. h4
Ne4 24. f6 gxf6 25. Qf3 $18 {Stockfish11- the Bl K side is opened while most
of the Bl pieces are across on the Q side}) 22... cxd4 23. Bxd4 (23. Nxd4 $18
Nxf4 24. Qf3 N4e6 25. Bg3 Bc5 26. Nf5 Ng6 27. Qh5 $18 {Stockfish11}) 23... Nc5
(23... Rd7 24. Qg3 $16 {Stockfish11}) 24. Qe3 (24. Qg3 Ne4 25. Bxe4 dxe4 26. f5
Bc5 27. Bxc5 Qxc5 {Stockfish11}) 24... Nfe6 25. f5 (25. Bf5 Kh8 26. Bxe6 fxe6
27. Qg3 $16 {Stockfish11}) (25. b4 Nxd4 (25... Nd7 26. a3 Nxd4 27. Rxd4 Nf8 28.
Ba2 $18) 26. bxc5 Ne6 27. cxb6 Qc6 28. Qd3 Nf8 29. f5 $18 {Stockfish11}) 25...
Nxd4 (25... Bg5 26. Qg3 Nxd4 27. Rxd4 (27. Nxd4 Bf6 $17) 27... Ne4 $11 {
Stockfish11}) 26. Nxd4 Ne4 {(draw?)} (26... f6 $11 {Stockfish11} 27. e6 (27.
exf6) 27... Qe5 28. Rfe1 Ne4 $11) (26... Ne4 27. f6 $18 (27. Nxe4 dxe4 28. f6
Bc5 29. Qg3 g6 30. Ne6 $1 Rxd1 31. Rxd1 Bf2 (31... fxe6 32. Qxg6+ Kf8 33. Qxh6+
Ke8 34. Qg6+ Kf8 (34... Qf7 35. Bxe4 Rc7 36. Bb1 $18) 35. a3 $18) 32. Qxf2 Qxe5
(32... fxe6 33. Qd4 $18) 33. Nf4 Qxf6 34. Kg1 $18 {Stockfish11}) 27... Bc5 28.
Rf5 g6 29. Qxh6 Ng3+ 30. Kg1 Nxf5 31. Bxf5 Bf8 32. Qf4 $18 Re8 (32... gxf5 33.
Rd3 {mating}) 33. Bxc8 Bxc8 34. Nf3 {Stockfish11}) 1/2-1/2

[Event "Dyfed Open"]
[Site "Fishguard"]
[Date "2020.02.15"]
[Round "3.6"]
[White "Bourne, Johnathan D"]
[Black "Waddington, Mike P"]
[Result "1-0"]
[WhiteElo "1904"]
[BlackElo "2046"]
[Annotator "kemen"]
[PlyCount "89"]
[EventDate "2020.02.??"]
[EventType "swiss"]
[EventRounds "5"]
[EventCountry "WLS"]
[SourceVersionDate "2020.02.18"]

{[%evp 0,89,19,28,13,1,20,-3,10,31,50,-33,18,-44,4,14,47,38,50,41,24,28,32,40,
51,56,60,53,54,74,109,114,113,80,86,84,89,73,90,75,88,73,93,63,103,113,104,95,
83,85,97,97,101,116,92,105,167,153,230,254,282,273,260,276,313,274,274,268,271,
294,374,333,333,266,327,333,343,736,858,1161,1423,1537,1705,1932,1192,2959,
29975,29976,29997,29998,29999,-30000]} 1. e4 e5 2. f4 Bc5 3. Nf3 d6 4. c3 Bg4 (
4... Nf6) 5. Qa4+ (5. Bc4) (5. h3 {main lines}) 5... Nd7 $15 (5... Qd7 {0.5-1.5
}) (5... c6 {0-2}) 6. Be2 c6 (6... Qe7 7. d4 $14 exd4 8. cxd4 Qxe4 9. Nc3 Qe7
10. dxc5 {Rodriguez Guerras-Villar Moron, Mondragon Arriasate Hiria op 2005,1-0
}) (6... Ngf6 $17 7. d4 exd4 8. cxd4 Bb6 9. Nc3 O-O 10. O-O Re8 11. Bd3 c5 12.
Be3 cxd4 13. Bxd4 Nc5 {Garcia Serrano-Sirera Ripoll, Madrid ch 2016,0-1}) 7. d4
Bxf3 (7... Bb6 $11) 8. Bxf3 Bb6 9. O-O (9. Na3) 9... Ngf6 10. Be3 O-O 11. Nd2
Re8 12. Rae1 Bc7 (12... Nf8) 13. Qc2 (13. g4 $16) 13... b5 14. g4 Nb6 (14...
Nf8 15. g5 N6d7 16. h4 $16 {Stockfish11}) 15. g5 Nfd7 16. Bh5 (16. h4 $18) (16.
f5 $18) (16. Re2 $18) 16... exf4 (16... g6 17. Bd1 $18) 17. Bxf4 $18 g6 18. Bf3
(18. Bg4) 18... Nf8 19. h4 a5 20. Qd3 (20. Bg3 $18) (20. d5 $18) 20... Qd7 (
20... d5) 21. Rf2 d5 22. Bxc7 Qxc7 23. e5 $18 Nc4 24. Nf1 b4 25. Nh2 bxc3 26.
bxc3 (26. Qxc3) 26... Ne6 27. Bg2 (27. Ng4) 27... Re7 28. Ng4 Ra7 29. Ref1 Qd8
30. Bh3 Kg7 31. Nh6 c5 32. Qf3 (32. Bxe6 fxe6 33. h5 $18 {Stockfish11}) 32...
Re8 33. Nxf7 Qe7 34. Nh6 cxd4 (34... Nxg5 35. hxg5 Qxg5+ 36. Ng4 h5 37. Qf6+
Qxf6 38. exf6+ (38. Nxf6 $18) 38... Kf8 39. f7 Ree7 40. Nf6 $18 {Stockfish11})
35. Bxe6 Qxe6 36. cxd4 a4 37. Qg3 Qb6 38. Rf7+ Rxf7 39. Rxf7+ Kh8 40. Qf2 Qb1+
41. Kh2 Qb2 42. Qxb2 Nxb2 43. e6 (43. Ng4 Re6 44. Nf6 Rxf6 45. gxf6 $18 {
Stockfish11}) 43... Rxe6 (43... Nc4 44. e7 Nd6 45. Rf6 $18) 44. Rf8+ Kg7 45.
Rg8# 1-0

[Event "Dyfed Open"]
[Site "Fishguard"]
[Date "2020.02.15"]
[Round "3.8"]
[White "Garcia, Jason"]
[Black "Jones, Martin C"]
[Result "1-0"]
[WhiteElo "2029"]
[BlackElo "1745"]
[Annotator "kemen"]
[PlyCount "47"]
[EventDate "2020.02.??"]
[EventType "swiss"]
[EventRounds "5"]
[EventCountry "WLS"]
[SourceVersionDate "2020.02.18"]

{[%evp 0,47,26,26,23,-22,5,-16,-16,-23,22,18,-9,-11,-13,-13,-2,-19,-1,-1,24,-5,
57,59,58,19,10,4,69,62,62,71,67,65,89,67,77,42,18,4,4,10,46,50,85,57,57,57,365,
348]} 1. Nf3 d5 2. c4 d4 3. e3 (3. g3) 3... Nc6 4. b4 (4. exd4) 4... Nxb4 (4...
dxe3 5. fxe3 Nxb4 {main}) (4... Bg4) 5. exd4 e6 {3 Wh wins, 1 draw, 3Bl wins} (
5... e5 {2 Wh wins, 2 draws,1 Bl win}) 6. a3 Nc6 7. Bb2 Nf6 8. g3 (8. d3 Be7 9.
g3 O-O 10. Bg2 Ne8 11. Nbd2 Nd6 12. Ne5 (12. d5 exd5 13. cxd5 Nb8 14. O-O Bf5
15. Nc4 Bg4 16. Ne3 Bxf3 17. Qxf3 Bf6 18. Bxf6 Qxf6 19. Qxf6 gxf6 20. Rfc1 Na6
21. d4 {Shamkovich-Goldenov, URS ch 1964,1-0}) 12... Nxe5 13. dxe5 Nf5 14. Be4
Rb8 15. a4 b6 16. O-O Bb7 {Semjonovs-Sulskis, Panevezys Elite op 2019,0-1})
8... Be7 9. Bg2 O-O 10. O-O Bd7 (10... Ne8 $11 {Stockfish11} 11. Qa4 Bf6 12. c5
Ne7 13. Nc3 Bd7 14. Qc2 Bc6 15. Ne4 Nf5 {Neubert-Lins, GER corr 1994,0-1}) 11.
d3 $14 Rb8 12. a4 (12. Nbd2) 12... Nb4 13. Ne5 c5 (13... Bc6 $11 {Stockfish11})
14. dxc5 Bxc5 15. d4 $16 Be7 16. Nc3 a6 17. d5 exd5 18. cxd5 (18. Nxd5 Nbxd5
19. cxd5 Bd6 20. Nxd7 Nxd7 21. a5 $16 {Stockfish11}) 18... Bf5 19. Qf3 Bc2 20.
Rfc1 Bd6 (20... Rc8 $11) (20... h6 21. Ba3 Bh7 $11 {Stockfish11}) 21. Nc4 (21.
Ba3 a5 22. Nc4 Bc5 23. Bxb4 axb4 24. Rxc2 bxc3 25. d6 (25. Qxc3 Nxd5 26. Qe5
Nb4 27. Rd2 Bxf2+ 28. Kh1 Qc8 29. Qb5 Bc5 30. Rf1 $16) 25... Ne8 26. Rd1 Nxd6
27. Rd5 Qc7 28. Qxc3 Rfc8 29. Bh3 Rd8 30. Qe5 Bb4 31. Ne3 Qb6 32. Bg2 $18 Rbc8
33. Rxc8 Rxc8 34. Qb2 Rc6 35. h4 $18 {Stockfish11-looks like a lot of heavy
pressure, but as yet unclear as to how to force a win?}) 21... Rc8 (21... Bg6
22. Nxd6 Qxd6 23. Ba3 Qb6 24. Na2 Nxa2 25. Rxa2 Rfe8 26. d6 $16 {Stockfish11})
22. Nxd6 Qxd6 23. Ba3 Qb6 (23... Bg6 24. Na2 a5 25. Qb3 Nfxd5 26. Bxd5 Qxd5 27.
Qxd5 Nxd5 28. Bxf8 $18) 24. Bxb4 $18 1-0

[Event "Dyfed Open"]
[Site "Fishguard"]
[Date "2020.02.15"]
[Round "3.9"]
[White "Barnaby, Nicholas M S"]
[Black "Taylor, Robert Graham"]
[Result "1/2-1/2"]
[WhiteElo "1750"]
[BlackElo "1844"]
[Annotator "kemen"]
[PlyCount "129"]
[EventDate "2020.02.??"]
[EventType "swiss"]
[EventRounds "5"]
[EventCountry "WLS"]
[SourceVersionDate "2020.02.18"]

{[%evp 0,129,19,31,75,39,46,9,12,12,14,8,78,73,68,63,76,56,130,139,124,124,107,
81,83,76,75,74,86,73,86,77,79,62,87,60,99,93,114,69,158,53,52,56,66,66,67,49,
71,38,47,31,39,30,57,44,130,135,170,128,126,141,140,132,149,136,132,107,139,92,
161,152,152,158,136,143,122,120,126,114,107,102,90,88,88,86,91,95,89,93,89,105,
105,67,126,108,115,103,105,110,126,123,118,113,122,70,106,111,100,136,152,70,
67,73,63,15,8,0,0,0,16,29,19,0,0,0,0,0,0,0,0,0]} 1. d4 f5 2. Qd3 e6 (2... d5) (
2... d6) 3. e4 (3. g4) 3... fxe4 4. Qxe4 Nf6 5. Qh4 g6 (5... Be7 6. Bd3 O-O 7.
Bg5 g6 {1-1}) 6. Bd3 Bg7 7. Nf3 (7. Bg5 Qe7 (7... O-O 8. Nd2 c5 9. dxc5 Qa5 10.
Ngf3 (10. b4 $18) 10... Qxc5 11. O-O $14 {Krzyzanowski-Wozniak, Suwalki
Warakomska memorial 2017,1-0}) 8. Nc3 O-O 9. O-O-O Qf7 10. Nf3 Nc6 11. Kb1 (11.
Rhe1 $18) 11... a6 12. Bh6 Bxh6 13. Qxh6 Nb4 14. Ng5 Qg7 15. Qxg7+ Kxg7 16. Be2
Nbd5 17. Nxd5 Nxd5 18. Bf3 {Van Herck-Verrijssen- BEL CC ch 2001,1/2-1/2}) 7...
d6 8. O-O c6 (8... Nc6 9. c3 Qe7 10. Re1 Bd7 11. b4 Nh5 12. Bg5 Qf7 13. b5 Ne7
14. Nbd2 $16 {Stockfish11}) 9. Bh6 (9. Nc3 $18) (9. Bg5 $18) 9... O-O 10. Bxg7
(10. Nbd2 $18) (10. Re1 $18) 10... Kxg7 11. Nbd2 Nd5 12. Qxd8 Rxd8 13. c3 $14
Nd7 14. Rfe1 N7f6 15. g3 Nc7 16. Rad1 Rf8 17. Kg2 $16 Bd7 18. Nc4 Nce8 19. Re2
Rd8 20. Rde1 (20. Ng5 d5 21. Ne5 Bc8 22. h4 $18 {[%eval 0,0] Stockfish11- l
will struggle with the bad B}) 20... b5 21. Ncd2 Kg8 22. Bc2 Ng7 23. Bb3 a5 24.
a3 Bc8 25. Bc2 (25. Ng5 Nd5 26. c4 Nc7 27. c5 dxc5 28. dxc5 h6 29. Ngf3 Nf5 30.
h4 $16 {Stockfish11}) 25... Bb7 26. Be4 Nfh5 (26... Nxe4 27. Nxe4 c5 28. dxc5
dxc5 29. Ne5 Rf5 30. f4 g5 31. Nf3 Bxe4 32. Rxe4 gxf4 33. g4 (33. Rxf4 Rxf4 34.
gxf4 Nh5 $11) 33... Rf7 34. R1e2 $14 {Stockfish11}) 27. Ng5 Nf6 28. Bf3 b4 29.
axb4 (29. Nxe6 $18) 29... axb4 30. Nxe6 (30. c4 $5) 30... Nxe6 31. Rxe6 bxc3
32. bxc3 Bc8 33. R6e2 $16 (33. Re7 $16) 33... c5 34. Ne4 (34. Nf1) 34... cxd4 (
34... Nxe4 35. Bxe4 d5 36. Bc2 cxd4 37. cxd4 Kg7 38. Bb3 $16) 35. Nxf6+ Rxf6
36. Bd5+ Kf8 37. cxd4 $16 (37. Re7 d3 38. Rxh7 d2 39. Rd1 Be6 40. Bxe6 Rxe6 41.
Rxd2 $18 {Stockfish11-the 2 extra pawns & Bad Bl K placing should be enough})
37... Rf5 38. Bc6 (38. Bf3 h5 39. h4 $16) 38... Bd7 39. Bxd7 Rxd7 40. Re8+ Kf7
41. Rc8 Rd5 42. Rc4 (42. Re4) 42... Ra7 43. Re3 Kf6 44. h4 Rb7 45. g4 h6 46.
Kg3 Re7 (46... Ra5) 47. Kf3 (47. Rxe7 Kxe7 48. Kf3 Ke6 49. Ke4 Ra5 50. Rc8 h5 (
50... Ra2 51. Rh8 $18) 51. g5 Ra1 52. d5+ Kf7 53. Rc7+ Kf8 54. Rd7 $18 {
Stockfish11}) 47... Rd7 48. Rb4 Ra5 49. Kg3 g5 50. f4 (50. h5 $18 {the Bl h
pawn will get lost eventually}) 50... gxf4+ 51. Kxf4 Ra1 $16 52. d5 (52. Rb5)
52... Rf1+ (52... Kg7 $11) 53. Kg3 Rd1 (53... Rg1+ 54. Kf2 Rd1 $11 {Stockfish11
}) 54. Rf4+ (54. Re6+ $1 {Stockfish11-but it takes very careful calculation}
Kg7 55. h5 $18 Rxd5 56. Rf4 (56. Rg6+ Kh7 57. Rf4 Rg7 $11) 56... Rg5 57. Rff6
Kg8 58. Rxh6 Rdg7 59. Re8+ Kf7 60. Re4 Rd5 61. Rb4 Rd1 62. Rb7+ Kg8 63. Rxg7+
Kxg7 {and the 2 connected passed pawns win through}) 54... Kg7 55. Rf5 (55. Re6
h5 56. g5 Rxd5 57. Rh6 Rd3+ 58. Rf3 Rxf3+ 59. Kxf3 d5 60. Rxh5 d4 $11 {manages
to hold as the Wh R is cut off, & the Bl pawn far advanced- thus giving its R
space behind it- Lomonosov tablebases}) 55... Rg1+ 56. Kf4 Ra7 57. Re6 (57. h5
Raa1 58. Re6 Rgf1+ {perpetual}) 57... Ra4+ 58. Ke3 Rgxg4 $11 (58... Raxg4 $11 {
also}) 59. Rxd6 Ra3+ (59... Rxh4) 60. Kf2 Rxh4 61. Rd7+ Kg6 62. Rdf7 Rh2+ 63.
Kg1 Rd2 64. R7f6+ Kg7 65. Rf7+ 1/2-1/2

[Event "Dyfed Open"]
[Site "Fishguard"]
[Date "2020.02.15"]
[Round "3.10"]
[White "Van Kemenade, Julie"]
[Black "Marin Marin, Francisco Javier"]
[Result "0-1"]
[WhiteElo "1689"]
[BlackElo "1776"]
[Annotator "kemen"]
[PlyCount "132"]
[EventDate "2020.02.??"]
[EventType "swiss"]
[EventRounds "5"]
[EventCountry "WLS"]
[SourceVersionDate "2020.02.18"]

{[%evp 0,132,51,19,40,44,53,-1,21,28,19,-57,-45,-45,-53,-58,-38,-52,-23,-34,
-34,-27,12,7,6,18,18,10,68,33,105,79,202,163,219,212,195,204,510,514,490,-38,
-52,-81,-75,-69,-73,-98,-57,-55,-47,-50,-51,-94,-93,-109,-110,-153,-152,-149,
-141,-141,-141,-132,-89,-233,-125,-145,-137,-230,-109,-170,-180,-189,-186,-186,
-180,-275,-180,-246,-180,-294,-167,-177,-162,-315,-185,-247,-192,-284,-179,
-180,-210,-213,-176,-321,-287,-337,-324,-344,-423,-447,-447,-481,-481,-530,
-352,-554,-539,-1061,-1316,-1534,-1962,-29983,-529,-593,-625,-674,-674,-674,
-642,-699,-715,-791,-862,-973,-968,-972,-964,-1160,-1227,-1854,-1858,-1977,
-2856]} 1. e4 c5 2. Nc3 e6 3. d3 (3. g3) (3. f4) 3... Nc6 4. Nf3 (4. g3) 4...
d5 5. Qe2 (5. exd5) (5. g3) 5... d4 {1 draw, 4 Bl wins} 6. Nb1 (6. Nd1) 6... e5
7. g3 Nf6 (7... f6 {Stockfish11- a reverse Samisch}) 8. Bg2 Be7 9. O-O O-O 10.
Nbd2 (10. a4) 10... b5 11. a4 b4 12. Nc4 Qc7 13. Nh4 (13. b3 Bb7 14. Nh4 g6 15.
Bd2 (15. f4 $16) 15... Nd7 16. Nf3 Bf6 17. Bh6 Bg7 18. Qd2 {Isler-Mella,
Zurich op 1992,0-1}) 13... Bb7 (13... Bg4) 14. Nf5 (14. f4 Ba6 15. Nxe5 Nxe5
16. fxe5 Nd7 17. e6 fxe6 18. Qg4 Rxf1+ 19. Bxf1 Nf8 20. Bf4 Bd6 21. Bxd6 Qxd6
22. b3 $14 {Stockfish11}) 14... Rfe8 15. f4 Nd7 (15... Bf8 16. fxe5 Nxe5 17.
Nxe5 Qxe5 18. b3 Kh8 19. g4 $16 {Stockfish11}) 16. Qg4 $18 Bf6 (16... Bf8 17.
Nh6+ $18) 17. Bh3 $18 (17. Nh6+ Kf8 (17... Kh8 18. Nd6 $18) 18. Qh5 gxh6 19.
fxe5 Ncxe5 20. Rxf6 Nxf6 21. Bxh6+ Ke7 22. Bg5 Rg8 23. Rf1 Rxg5 24. Qxg5 Neg4
25. e5 $18 {Stockfish11}) 17... Rad8 (17... Kh8 18. Nxg7 Bxg7 19. Qxd7 Qxd7 20.
Bxd7 Re7 21. Bxc6 Bxc6 22. fxe5 $18 {Stockfish11}) 18. Ncd6 $18 (18. Nh6+ Kf8
19. Qh5 gxh6 20. fxe5 Rxe5 21. Bxh6+ Ke7 22. Qf3 Ba6 23. Bxd7 Bxc4 24. Qxf6+
Kxd7 25. dxc4 $18) 18... Re6 (18... Ndb8) 19. Nh6+ Kf8 (19... Kh8 20. Ndxf7#)
20. Nhxf7 {the wrong N} (20. Ndxf7 $1 Re7 21. fxe5 (21. Nxd8 Qxd8 22. Nf5 $18)
21... Rxf7 22. exf6 Nxf6 23. Qh4 Ne5 24. Nxf7 Qxf7 25. Bg5 $18 {Stockfish11}) (
20. Nxb7 Qxb7 21. Nxf7 Re7 22. Nxd8 Nxd8 23. fxe5 Nxe5 24. Rxf6+ gxf6 25. Bh6+
Rg7 26. Qf5 $18 {Stockfish11}) (20. Nb5 Qb8 21. Nxf7 Re7 22. Nxd8 $18) 20...
Rxd6 21. Nxd8 (21. Nxd6 Qxd6 22. Qh5 Kg8 $17) 21... Qxd8 $17 22. Bd2 (22. Qh5
Kg8 23. b3) 22... Kg8 (22... c4 $19) 23. Rf2 (23. b3) 23... Be7 (23... c4) 24.
Raf1 Nf6 (24... exf4 25. Bxf4 Nde5 $19) 25. Qe2 Bc8 26. f5 (26. Bxc8 Qxc8 27.
b3 $17) 26... h6 (26... c4 $19) 27. g4 Nh7 28. g5 Bxg5 29. Bg4 Bxd2 30. Qxd2
Qh4 31. Rg2 Ng5 $19 32. Qe2 Rf6 (32... h5 33. Bxh5 Nh3+ 34. Kh1 Nf4 $19 {
Stockfish11}) 33. Qd1 Kh8 (33... h5) 34. Qe2 Nb8 35. Rg3 Nd7 36. Qg2 Rf8 37.
Bd1 Nf6 38. Kh1 Bd7 (38... c4 $19) 39. Rg1 Be8 (39... Bxa4) 40. Be2 Bh5 41.
Bxh5 Qxh5 42. h3 Rg8 43. Kh2 Qf7 (43... c4) 44. Qd2 Ngh7 45. Rg6 Nh5 46. Re6
N7f6 47. Rg6 (47. Rc6 c4 48. Rxc4 Nxe4 49. Qe2 Ng5 $19 {Stockfish11- the Ns
infiltrate}) 47... Nf4 48. Rexf6 gxf6 49. Rxh6+ Kg7 50. Rh4 Kf8 51. Rxf4 exf4
52. Qxf4 {there may be some chances of a perpetual?} Qe7 53. Qb8+ Kf7 54. Qb5
Qe5+ 55. Kh1 Rg3 56. Qd7+ Qe7 (56... Kf8 57. Qh7 Qf4 58. Qh8+ Ke7 59. Qh7+ Kd6
{mating- Stockfish11}) 57. Qd5+ Kg7 58. Kh2 Re3 59. Kg2 Re2+ 60. Kf3 Rxc2 61.
Kg4 Rxb2 (61... Kh6 {mating soon}) 62. h4 b3 63. h5 Rg2+ 64. Kh3 b2 65. Qa2 Re2
66. Qb1 Qf7 0-1

[Event "Dyfed Open"]
[Site "Fishguard"]
[Date "2020.02.15"]
[Round "3.11"]
[White "Haigh, Tony"]
[Black "Orton, Paul"]
[Result "1-0"]
[WhiteElo "1773"]
[BlackElo "1580"]
[Annotator "kemen"]
[PlyCount "37"]
[EventDate "2020.02.??"]
[EventType "swiss"]
[EventRounds "5"]
[EventCountry "WLS"]
[SourceVersionDate "2020.02.18"]

{[%evp 0,37,34,34,34,-34,-4,12,24,28,17,36,35,40,67,85,76,92,84,87,116,106,122,
114,111,100,111,85,116,110,132,132,154,127,158,138,460,482,497,483]} 1. d4 Nf6
2. Bg5 h6 (2... Ne4) (2... e6) 3. Bxf6 gxf6 (3... exf6 {main}) 4. e3 (4. e4 d5
{5-0}) 4... d5 5. c4 c6 6. Nc3 Bf5 {2-1} (6... e6 {9 Wh wins, 1 draw, 1 Bl win}
) (6... Rg8 {1 Wh win,4 Bl wins}) 7. Qb3 $146 (7. Nf3 {2 games each}) (7. cxd5
cxd5 {1-2} 8. Qb3 Nd7 (8... e6 9. Qxb7 Nd7 10. Bb5 Rc8 11. Qxa7 Rc7 12. Qa4 $18
{Santacroce-Marziali, Udine Tre Circoli op 2012,0-1 ( Bl got his Q trapped on
h5)}) 9. Qxd5 $18 {Stockfish11}) 7... Qd7 (7... Qb6 8. Qxb6 axb6 9. cxd5 $16)
8. cxd5 cxd5 9. Qxd5 (9. Bb5 Nc6 10. e4 Bxe4 11. Nxe4 dxe4 12. d5 $18 {
Stockfish11}) 9... Qxd5 (9... e6 $5) 10. Nxd5 Kd8 11. Nc3 Nc6 12. O-O-O (12.
Rd1) 12... Rc8 13. a3 Na5 14. Bd3 Bg6 15. Nge2 e6 16. Bxg6 fxg6 17. d5 (17. Kb1
) (17. Nf4 Bxa3 18. Nxe6+ Ke7 19. Nf4 $18 Rxc3+ 20. Kb1 Rb3 21. Nxg6+) 17...
exd5 (17... e5) 18. Rxd5+ Ke8 19. Rxa5 1-0